00811nam a2200205Ia 4500952010100000999001700101008004100118020002100159020001800180050002000198100003500218245004400253260004100297300003700338500003900375505010000414519004100514650003800555942001200593 00102lcc4070a01b01d2023-03-07l0oQH315 O55 2008p16 004202r2023-07-13t1w2023-03-07yLB c72702d72702120626s2008 mx a 000 0 spa d a13:9789706868954 a10:970686895X aQH315bO55 2008 aOñate Ocaña, Leonoreautor aBiología Ic/ Leonor Oñate Ocaña  aMéxicob: Cengage Learningc, 2008 a285 páginas b: ilustraciones  aIncluye: Presentación (pp. v-vi) aI. Características de los seres vivos II. Biología celular III. Diversidad biológica  aMaterial Complementario /d16 004202 0aBIOLOGÍAxESTUDIO Y ENSEÑANZA cLB2lcc